[Event "Foment Martinenc op-C 24th"]
[Site "Barcelona"]
[Date "2024.04.20"]
[Round "1"]
[White "Lopera Campillos, Luis"]
[Black "Gomez Kunz, Tarik Marti"]
[Result "0-1"]
[WhiteElo "1700"]
[BlackElo "1628"]
[PlyCount "98"]
[EventDate "2024.04.20"]
[EventType "swiss"]
[EventRounds "9"]
[EventCountry "ESP"]
[SourceTitle "CBM 220 Extra"]
[Source "ChessBase"]
[SourceDate "2024.07.31"]
[SourceVersion "1"]
[SourceVersionDate "2024.07.31"]
[SourceQuality "1"]

1. d4 Nf6 2. Nf3 e6 3. e3 b6 4. Bd3 Bb7 5. b3 c5 6. c3 Nc6 7. Bb2 d5 8. Ne5 Nxe5 9. dxe5 Nd7 10. f4 Be7 11. Rg1 Qc7 12. Nd2 Nxe5 13. fxe5 Qxe5 14. Qe2 Qxh2 15. 0-0-0 Qc7 16. Bb5+ Bc6 17. c4 Bxb5 18. cxb5 f6 19. Qg4 Kf7 20. Qh5+ g6 21. Qh4 f5 22. Qh6 Bf6 23. Bxf6 Kxf6 24. Qh4+ Kf7 25. Rgf1 Qe5 26. Kc2 Qxe3 27. Rf3 Qe2 28. Rf2 Qxb5 29. g4 Rae8 30. gxf5 exf5 31. Qg3 Re7 32. a4 Qd7 33. Nf3 Rhe8 34. Qh2 Kg8 35. Ng5 d4 36. Rdd2 Re3 37. Rd3 Rxd3 38. Kxd3 Re3+ 39. Kd2 Rxb3 40. Kc2 Rc3+ 41. Kb2 Re3 42. Rd2 Qe7 43. Qb8+ Kg7 44. Qh2 Qxg5 45. Qc7+ Qe7 46. Qh2 Qe5 47. Qg2 d3+ 48. Ka2 Re2 49. Rxe2 Qxe2+ 0-1

[Event "ESP-ch Catalunya U12"]
[Site "Cambrils"]
[Date "2024.03.24"]
[Round "3"]
[White "Perez Vidal, Ian"]
[Black "Gomez Kunz, Tarik Marti"]
[Result "1-0"]
[WhiteElo "1828"]
[BlackElo "1602"]
[PlyCount "40"]
[EventDate "2024.03.23"]
[EventType "swiss"]
[EventRounds "9"]
[EventCountry "ESP"]
[SourceTitle "EXT 2025"]
[Source "ChessBase"]
[SourceDate "2024.10.14"]
[SourceVersion "1"]
[SourceVersionDate "2024.10.14"]
[SourceQuality "1"]

1. e4 e5 2. Nf3 d6 3. d4 exd4 4. Nxd4 Nf6 5. Nc3 Be7 6. Bc4 0-0 7. 0-0 c6 8. Bg5 h6 9. Be3 Re8 10. f4 Bf8 11. Qf3 Nbd7 12. Qg3 Nxe4 13. Nxe4 d5 14. Nf5 g6 15. Ned6 Re6 16. Bd3 Bxd6 17. Nxd6 Rxd6 18. f5 Nf8 19. Bxh6 Kh7 20. Bxf8 Qxf8 1-0